[Event "POL-ch U13 Qual"]
[Site "Jastrzebia Gora"]
[Date "2021.11.16"]
[Round "2"]
[White "Sambor, Piotr"]
[Black "Trusewicz, Jakub"]
[Result "0-1"]
[WhiteElo "1107"]
[BlackElo "1222"]
[PlyCount "70"]
[EventDate "2021.11.15"]
[EventType "swiss"]
[EventRounds "9"]
[EventCountry "POL"]
[SourceTitle "EXT 2023"]
[Source "ChessBase"]
[SourceDate "2022.10.05"]
[SourceVersion "1"]
[SourceVersionDate "2022.10.05"]
[SourceQuality "1"]

1. e4 c5 2. Nf3 g6 3. d3 Bg7 4. c3 Nc6 5. d4 cxd4 6. cxd4 d5 7. e5 f6 8. exf6 Nxf6 9. Nc3 0-0 10. Be2 Bf5 11. 0-0 Qb6 12. Bb5 Nb4 13. Ba4 Ne4 14. Bb3 Rad8 15. a3 Nxc3 16. bxc3 Nc6 17. Re1 Bg4 18. Bg5 Bxf3 19. gxf3 Qc7 20. Re3 Rf5 21. Bh4 Bh6 22. Bg3 Bf4 23. Bxf4 Qxf4 24. Ba4 Rdf8 25. Bxc6 bxc6 26. Qe2 Rg5+ 27. Kf1 Qxh2 28. Ke1 Rg1+ 29. Kd2 Rxa1 30. Kd3 Qf4 31. Qb2 Qf5+ 32. Ke2 Rb1 33. Qd2 Rfb8 34. Rxe7 R8b2 35. Re8+ Kf7 0-1